00447nam a2200121Ia 4500008004100000245005900041245005900100260000900159650001700168856004800185999001900233952007300252171211s9999 xx 000 0 und d aTowards Sustainable Cities in Asia and the Middle East cFernanda Rodrigues, Hassam Chaudhry, and John Calautit c2017 xArchitecture uhttp://down.ebook777.com/065/3319616447.pdf c350003d350003 001040aCLbCLd2017-12-11l0r2017-12-11 00:00:00w2017-12-11yCBE